[Event "Lippstadt- Godesberg"]
[Site "?"]
[Date "2023.02.12"]
[Round "5.7"]
[White "Luebsen, Keno"]
[Black "Graf, Tobias"]
[Result "1/2-1/2"]
[WhiteElo "2119"]
[BlackElo "1949"]
[PlyCount "137"]
[SourceVersionDate "2023.06.22"]

1. d4 d5 2. c4 c6 3. Nf3 Nf6 4. e3 Bf5 5. cxd5 cxd5 6. Nc3 e6 7. Ne5 Bd6 8. g4
Bg6 9. h4 h5 10. Nxg6 fxg6 11. Bd3 hxg4 12. Bxg6+ Kd7 13. e4 dxe4 14. Bg5 g3
15. Qa4+ Nc6 16. O-O-O Qa5 17. Qxa5 Nxa5 18. fxg3 Rac8 19. Kb1 Bxg3 20. d5 Nc4
21. Nxe4 Nxe4 22. Bxe4 Rhf8 23. dxe6+ Kxe6 24. Rh3 Bf4 25. Bxb7 Rc7 26. Bd5+
Ke5 27. Bxc4 Rxc4 28. Rf3 Rf5 29. Re1+ Re4 30. Rg1 g6 31. Bd8 Be3 32. Rgf1 Rxf3
33. Rxf3 Bb6 34. Bf6+ Ke6 35. Kc2 Rg4 36. Bg5 Bd4 37. b4 Kd5 38. Kb3 Be5 39.
Rf7 Bd4 40. Ka4 Kc6 41. Rf4 Rxf4 42. Bxf4 Bb6 43. Bg5 a6 44. Kb3 Kd5 45. Kc3
Bc7 46. Kd3 Bb6 47. Be3 Bd8 48. Bf2 Bf6 49. Be1 Bd4 50. Bc3 Bf2 51. Bf6 Bb6 52.
Be7 Bf2 53. Ke2 Bg3 54. Kf3 Be1 55. Kg4 Bd2 56. Bf8 Ke4 57. Bc5 Bc1 58. a4 Bd2
59. b5 axb5 60. axb5 Kd5 61. Bf2 Bh6 62. Kf3 Bg7 63. Be3 Bf6 64. Bg5 Bc3 65.
Bd8 Be1 66. Kf4 Bxh4 67. Bxh4 Kc5 68. Kg5 Kxb5 69. Kxg6 1/2-1/2

[Event "Bonn- Mülheim Nord 3"]
[Site "?"]
[Date "2023.02.12"]
[Round "5.1"]
[White "Helmer, Christoph"]
[Black "Dehmel, Jens"]
[Result "1/2-1/2"]
[WhiteElo "2207"]
[BlackElo "2030"]
[PlyCount "72"]
[SourceVersionDate "2023.06.22"]

1. e4 e5 2. Nf3 Nc6 3. Bb5 a6 4. Ba4 Nf6 5. O-O Nxe4 6. d4 b5 7. Bb3 d5 8. dxe5
Be6 9. Nbd2 Nc5 10. c3 Bg4 11. Bc2 Ne6 12. Re1 Bc5 13. Nf1 Bh5 14. Ng3 Bg6 15.
Nf5 O-O 16. N3h4 Qd7 17. Qg4 Rad8 18. Bd2 Ne7 19. Rad1 Bb6 20. Bg5 Nxg5 21.
Qxg5 Nxf5 22. Bxf5 Qc6 23. e6 Bxf2+ 24. Kxf2 fxe6 25. Kg1 Bxf5 26. Nxf5 exf5
27. Re7 Qf6 28. Qxf6 Rxf6 29. Rxc7 Rfd6 30. Rd4 R8d7 31. Rc5 Kf7 32. Kf2 Ke6
33. Ke3 Ke5 34. a4 Rb6 35. Rb4 Rdb7 36. Rd4 Rd7 1/2-1/2

[Event "Bonn- Mülheim Nord 3"]
[Site "?"]
[Date "2023.02.12"]
[Round "5.2"]
[White "Suppert, Timur"]
[Black "Oltmanns, Jan"]
[Result "0-1"]
[WhiteElo "2099"]
[BlackElo "2146"]
[PlyCount "216"]
[SourceVersionDate "2023.06.22"]

1. d4 d5 2. e3 Nf6 3. Bd3 c5 4. b3 Nc6 5. Bb2 cxd4 6. exd4 g6 7. Nf3 Bg7 8. O-O
O-O 9. Nbd2 Bf5 10. Bxf5 gxf5 11. c4 Ne4 12. Re1 e6 13. Nf1 dxc4 14. bxc4 Qd6
15. Qd3 Rfd8 16. Rad1 Qc7 17. g4 Qf4 18. gxf5 Ne5 19. Nxe5 Qxf2+ 20. Kh1 Qxe1
21. Rxe1 Nf2+ 22. Kg2 Nxd3 23. Nxd3 Bxd4 24. fxe6 fxe6 25. Rxe6 Rac8 26. Re7 b5
27. Re4 Rxc4 28. Rg4+ Kh8 29. Ne5 Rc2+ 30. Kg3 h5 31. Nf7+ Kh7 32. Bxd4 hxg4
33. Nxd8 Rxa2 34. Ne3 a5 35. Nc6 Rd2 36. Nxg4 b4 37. Nf6+ Kg6 38. Ne4 Rd3+ 39.
Kf4 Rd1 40. Nc5 Rh1 41. Kg3 Rd1 42. h3 Kh5 43. h4 Rd2 44. Be3 b3 45. Bxd2 b2
46. Nd3 b1=Q 47. Nf4+ Kh6 48. Nxa5 Qc2 49. Be3 Kh7 50. Bd4 Qc7 51. Bf6 Qxa5 52.
Kg4 Qb6 53. Kf5 Qb1+ 54. Ke5 Qb5+ 55. Ke6 Qe8+ 56. Kf5 Qc8+ 57. Ke5 Qd7 58. Ke4
Kg8 59. Ke5 Kf7 60. Bg5 Qg4 61. Ke4 Qd1 62. Kf5 Qc2+ 63. Ke5 Qb1 64. Kd5 Qf5+
65. Kd4 Ke8 66. Nd5 Kd7 67. Ne3 Qb5 68. Ke4 Ke6 69. Bf4 Qb7+ 70. Kd3 Qh7+ 71.
Kd4 Qxh4 72. Ke4 Qh7+ 73. Kd4 Qb1 74. Bg3 Qb4+ 75. Kd3 Kd7 76. Be5 Qb5+ 77. Ke4
Ke6 78. Bg3 Qb7+ 79. Kd3 Qh7+ 80. Ke2 Qe4 81. Kf2 Kd7 82. Nf1 Kc6 83. Nd2 Qd3
84. Bf4 Kd5 85. Be3 Ke5 86. Nf1 Kf5 87. Ng3+ Kg4 88. Nf1 Qd1 89. Nh2+ Kh3 90.
Nf1 Kh4 91. Nd2 Kg4 92. Nf1 Kf5 93. Ng3+ Ke5 94. Ne2 Qh1 95. Bf4+ Kd5 96. Be3
Qh4+ 97. Kf3 Qh5+ 98. Kf2 Qf7+ 99. Kg1 Qf3 100. Nc3+ Kc4 101. Bd2 Kd3 102. Be1
Kc2 103. Na2 Qe3+ 104. Kf1 Qf4+ 105. Kg1 Qg5+ 106. Kh2 Qe5+ 107. Bg3 Qh8+ 108.
Kg1 Qa1+ 0-1

[Event "Bonn- Mülheim Nord 3"]
[Site "?"]
[Date "2023.02.12"]
[Round "5.3"]
[White "Limbourg, Philipp"]
[Black "Limp, Roland"]
[Result "1/2-1/2"]
[WhiteElo "2216"]
[BlackElo "1925"]
[PlyCount "65"]
[SourceVersionDate "2023.06.22"]

1. e4 c5 2. Nc3 d6 3. f4 Nc6 4. Nf3 g6 5. Bb5 Bd7 6. Bc4 Bg7 7. O-O e6 8. d3
Nge7 9. f5 exf5 10. Nb5 Be6 11. Bxe6 fxe6 12. Ng5 Nd4 13. c3 h6 14. Nxd4 Bxd4+
15. cxd4 hxg5 16. Qb3 Qd7 17. Bxg5 O-O-O 18. Rac1 Kb8 19. dxc5 dxc5 20. Bf6
Rhf8 21. Be5+ Ka8 22. Rxc5 Nc6 23. Qc3 fxe4 24. Bf6 exd3 25. Rd1 Nd4 26. Bxd4
Qxd4+ 27. Qxd4 Rxd4 28. Re5 Rd6 29. Rg5 Rf6 30. Rg3 d2 31. Rf3 Rxf3 32. gxf3
Kb8 33. Kf2 1/2-1/2

[Event "Bonn- Mülheim Nord 3"]
[Site "?"]
[Date "2023.02.12"]
[Round "5.4"]
[White "Horstmann, Olaf"]
[Black "Kuipers, Dustin"]
[Result "1/2-1/2"]
[WhiteElo "2111"]
[BlackElo "2125"]
[PlyCount "43"]
[SourceVersionDate "2023.06.22"]

1. e4 c5 2. d3 Nc6 3. g3 g6 4. Bg2 Bg7 5. f4 d6 6. Nf3 e6 7. c3 Nge7 8. Be3 b6
9. O-O O-O 10. d4 cxd4 11. cxd4 d5 12. e5 Ba6 13. Re1 Qc8 14. Bf2 Qb7 15. Nc3
Rac8 16. g4 Na5 17. Rc1 Nc4 18. Qb3 Qd7 19. Ne2 Qb5 20. Qxb5 Bxb5 21. Nc3 Bd7
22. b3 1/2-1/2

[Event "Bonn- Mülheim Nord 3"]
[Site "?"]
[Date "2023.02.12"]
[Round "5.5"]
[White "Voss, Gunther"]
[Black "Sharma, Vibhor"]
[Result "0-1"]
[WhiteElo "2131"]
[BlackElo "1815"]
[PlyCount "78"]
[SourceVersionDate "2023.06.22"]

1. e4 c5 2. Nf3 Nc6 3. Bb5 e6 4. Bxc6 bxc6 5. O-O Ne7 6. d3 Ng6 7. c4 Be7 8.
Nc3 O-O 9. Re1 Rb8 10. b3 e5 11. Ne2 d6 12. Ng3 Be6 13. h3 Qc8 14. Nh2 Nh4 15.
Qh5 g6 16. Qe2 f5 17. Bh6 Rf7 18. exf5 Nxf5 19. Nxf5 Bxf5 20. Rad1 Qd7 21. g4
Be6 22. f4 Bf6 23. Nf3 Bxg4 24. hxg4 Qxg4+ 25. Qg2 Qh5 26. fxe5 Bh8 27. Ng5 Rf4
28. Qxc6 Rg4+ 29. Kf1 Rf4+ 30. Kg1 Rg4+ 31. Kf1 Rf8+ 32. Bxf8 Rf4+ 33. Nf3
Rxf3+ 34. Ke2 Rxf8+ 35. Kd2 Rf2+ 36. Kc1 Qg5+ 37. Kb1 Bxe5 38. Qe8+ Kg7 39. Rf1
Rb2+ 0-1

[Event "Bonn- Mülheim Nord 3"]
[Site "?"]
[Date "2023.02.12"]
[Round "5.6"]
[White "Wahl, Felix"]
[Black "Bus, Tom"]
[Result "0-1"]
[WhiteElo "2090"]
[BlackElo "2116"]
[PlyCount "106"]
[SourceVersionDate "2023.06.22"]

1. e4 c5 2. Nf3 d6 3. d4 cxd4 4. Nxd4 Nf6 5. Nc3 Nc6 6. f3 e5 7. Nb3 Be7 8. Be3
O-O 9. Qd2 a5 10. Bb5 Be6 11. Nd5 a4 12. Bb6 Qd7 13. Na5 Rfc8 14. Bxa4 Bd8 15.
Bxd8 Qxd8 16. Nxb7 Qd7 17. Na5 Bxd5 18. exd5 Rxa5 19. Bxc6 Qa7 20. a4 Rc5 21.
b4 Rc4 22. Qf2 Qe7 23. O-O e4 24. b5 e3 25. Qe2 Rc3 26. Rfd1 Nh5 27. g3 Qg5 28.
Rd4 f5 29. f4 Qf6 30. Rad1 Qg6 31. R1d3 Nxg3 32. hxg3 Qxg3+ 33. Kf1 Qh3+ 34.
Ke1 Rxc2 35. Qxc2 Qh1+ 36. Ke2 Qg2+ 37. Kxe3 Qxc2 38. Rd2 Qc3+ 39. R4d3 Qa1 40.
Rd4 Rc7 41. Rd1 Qc3+ 42. R4d3 Re7+ 43. Kf3 Qc2 44. R1d2 Qxa4 45. Rd4 Qa3+ 46.
R4d3 Qb4 47. Rd4 Qc5 48. Kg2 Re3 49. Ra4 Re1 50. Rf2 Qc1 51. b6 Rg1+ 52. Kf3
Qc3+ 53. Ke2 Re1# 0-1

[Event "Bonn- Mülheim Nord 3"]
[Site "?"]
[Date "2023.02.12"]
[Round "5.7"]
[White "Mainusch, Martin"]
[Black "Hoefer, Severin Paul"]
[Result "1-0"]
[WhiteElo "2068"]
[BlackElo "1932"]
[PlyCount "107"]
[SourceVersionDate "2023.06.22"]

1. Nf3 d5 2. g3 Nf6 3. Bg2 c6 4. c4 Bf5 5. Qb3 Qb6 6. d3 e6 7. Be3 Qb4+ 8. Nbd2
Nbd7 9. O-O e5 10. a3 Qxb3 11. Nxb3 dxc4 12. dxc4 a5 13. a4 Bb4 14. Bd2 Bc2 15.
Bxb4 axb4 16. Nfd2 Ke7 17. Rfc1 Bf5 18. a5 Nb8 19. Nc5 Na6 20. Nxa6 Rxa6 21.
Ra4 Rha8 22. Rxb4 R8a7 23. Nb3 Nd7 24. e3 Bd3 25. Bf1 Bxf1 26. Kxf1 Kd6 27.
Rd1+ Kc7 28. Ke2 Nf8 29. f4 exf4 30. gxf4 f5 31. c5 Nd7 32. e4 Rxa5 33. Nxa5
Rxa5 34. Rbd4 Nf6 35. b4 Ra2+ 36. R1d2 Rxd2+ 37. Rxd2 Nxe4 38. Rd3 Nf6 39. Rh3
b6 40. Kd3 bxc5 41. bxc5 Kd7 42. Kd4 Ke6 43. Re3+ Ne4 44. Ra3 g5 45. Ra6 gxf4
46. Rxc6+ Kd7 47. Rh6 f3 48. Rxh7+ Ke6 49. Rh6+ Kd7 50. c6+ Kc7 51. Ke3 f2 52.
Ke2 Kb6 53. Re6 Kc7 54. Rxe4 1-0

[Event "Bonn- Mülheim Nord 3"]
[Site "?"]
[Date "2023.02.12"]
[Round "5.8"]
[White "Falkenberg, Hendrik"]
[Black "Schmidt, Kevin"]
[Result "1-0"]
[WhiteElo "1935"]
[BlackElo "1991"]
[PlyCount "59"]
[SourceVersionDate "2023.06.22"]

1. d4 d5 2. c4 dxc4 3. Nf3 Nf6 4. e3 b5 5. a4 b4 6. Bxc4 e6 7. O-O Be7 8. Ne5
Bb7 9. a5 O-O 10. a6 Bd5 11. Qc2 c5 12. dxc5 Bxc5 13. Rd1 Qb6 14. Bd2 Rd8 15.
Bxd5 Nxd5 16. Be1 Nd7 17. Nc4 Qc7 18. Nbd2 Rac8 19. Qa4 N7b6 20. Qb5 Qe7 21.
Na5 Nc7 22. Qe2 Ne8 23. Nb7 Rd5 24. Ne4 Bd6 25. Rxd5 Nxd5 26. Nexd6 Nxd6 27. e4
Nxb7 28. axb7 Qxb7 29. exd5 exd5 30. h3 1-0

[Event "Krefeld- Porz 3"]
[Site "?"]
[Date "2023.02.12"]
[Round "5.1"]
[White "Gallinnis, Norbert"]
[Black "Gutkin, Ilya"]
[Result "0-1"]
[WhiteElo "2154"]
[BlackElo "2245"]
[PlyCount "38"]
[SourceVersionDate "2023.06.22"]

1. b3 e5 2. e4 Nc6 3. Bb2 Bc5 4. Qg4 Qf6 5. f4 d5 6. Qg3 dxe4 7. fxe5 Qg6 8.
Qf4 Nge7 9. Ne2 Nd5 10. Qh4 Ndb4 11. Na3 O-O 12. Ng3 Re8 13. Bb5 Bd7 14. Nxe4
Nxe5 15. Be2 Bg4 16. Nxc5 Bxe2 17. Qg3 Ng4 18. Be5 Nxc2+ 19. Nxc2 Qxc2 0-1

[Event "Krefeld- Porz 3"]
[Site "?"]
[Date "2023.02.12"]
[Round "5.2"]
[White "Ricken, Katharina"]
[Black "Finke, Kai"]
[Result "1/2-1/2"]
[WhiteElo "2210"]
[BlackElo "2130"]
[PlyCount "109"]
[SourceVersionDate "2023.06.22"]

1. Nf3 d5 2. g3 c5 3. Bg2 Nc6 4. d4 e6 5. O-O Nf6 6. c4 dxc4 7. dxc5 Qxd1 8.
Rxd1 Bxc5 9. Nbd2 c3 10. bxc3 O-O 11. Nb3 Be7 12. Nfd4 Bd7 13. Nxc6 Bxc6 14.
Bxc6 bxc6 15. c4 Rfd8 16. Be3 Ng4 17. Rxd8+ Bxd8 18. Rd1 Nxe3 19. fxe3 e5 20.
Kf2 Kf8 21. Rd7 a5 22. Rb7 a4 23. Nc5 Ke8 24. Nd7 Ra5 25. Kf3 g6 26. Ke4 f5+
27. Kd3 e4+ 28. Kc3 c5 29. Nb6 Bxb6 30. Rxb6 Kd7 31. Rb7+ Kd6 32. Rxh7 Ra6 33.
Rg7 Ke5 34. Rd7 Ke6 35. Rd5 Rc6 36. Kb2 Rc8 37. h4 g5 38. Ka3 gxh4 39. gxh4 Rh8
40. Kxa4 Rxh4 41. Kb5 Rh3 42. a4 Rxe3 43. Rd2 Ra3 44. a5 f4 45. a6 f3 46. exf3
exf3 47. Kb6 Ke5 48. a7 Ke4 49. Rd8 f2 50. Rf8 Ke3 51. Re8+ Kd2 52. Rd8+ Ke2
53. Re8+ Kd2 54. Rf8 Ke2 55. Re8+ 1/2-1/2

[Event "Krefeld- Porz 3"]
[Site "?"]
[Date "2023.02.12"]
[Round "5.3"]
[White "Thalwitzer, David"]
[Black "Panjer, Sidney"]
[Result "0-1"]
[WhiteElo "2137"]
[BlackElo "2016"]
[PlyCount "80"]
[SourceVersionDate "2023.06.22"]

1. e4 e5 2. Nf3 Nc6 3. Bb5 a6 4. Ba4 Nf6 5. Qe2 b5 6. Bb3 Bc5 7. c3 O-O 8. d3
Re8 9. Nbd2 d5 10. Nf1 dxe4 11. dxe4 Ng4 12. Bg5 Bxf2+ 13. Qxf2 Nxf2 14. Bxd8
Nd3+ 15. Kd2 Rxd8 16. Kc2 Be6 17. Bxe6 fxe6 18. N1d2 Rd6 19. a4 Rad8 20. axb5
axb5 21. Nb3 h6 22. Rhf1 Nf4 23. Rf2 Rf8 24. Nh4 g5 25. g3 gxh4 26. gxf4 exf4
27. e5 Nxe5 28. Nd4 Nc4 29. Rg1+ Kh7 30. Nxb5 Rb6 31. Kb3 Nd6 32. c4 c6 33. Kb4
Nxc4 34. Kxc4 Rxb5 35. Rd2 Rd5 36. Re2 e5 37. Rg4 Rg8 38. Rxh4 Rg1 39. b3 Rd4+
40. Kc3 f3 0-1

[Event "Krefeld- Porz 3"]
[Site "?"]
[Date "2023.02.12"]
[Round "5.4"]
[White "Van Gool, Rudi"]
[Black "Wagenknecht, Uwe"]
[Result "0-1"]
[WhiteElo "2158"]
[BlackElo "2119"]
[PlyCount "56"]
[SourceVersionDate "2023.06.22"]

1. d4 Nf6 2. Nf3 b6 3. c4 Bb7 4. Nc3 e6 5. a3 d5 6. cxd5 exd5 7. Bf4 Bd6 8.
Bxd6 Qxd6 9. Rc1 c6 10. e3 O-O 11. Bd3 Nbd7 12. O-O c5 13. Re1 c4 14. Bb1 a6
15. Nd2 b5 16. Nf1 Ne4 17. Ne2 f5 18. f3 Ng5 19. Qc2 g6 20. Rcd1 Nf6 21. Nfg3
Rae8 22. Qd2 Nf7 23. Nc3 Re7 24. e4 dxe4 25. fxe4 fxe4 26. Bxe4 Qb6 27. Bxb7
Qxb7 28. Nge4 Nxe4 0-1

[Event "Krefeld- Porz 3"]
[Site "?"]
[Date "2023.02.12"]
[Round "5.5"]
[White "Evers, Leo"]
[Black "Terhuven, Patrick"]
[Result "0-1"]
[WhiteElo "2085"]
[BlackElo "2172"]
[PlyCount "92"]
[SourceVersionDate "2023.06.22"]

1. d4 d5 2. c4 e6 3. Nf3 Nf6 4. g3 Bb4+ 5. Bd2 Be7 6. Bg2 O-O 7. O-O c6 8. b3
Nbd7 9. Bc3 b6 10. Nbd2 Bb7 11. Qc2 c5 12. Rfd1 Qc7 13. Rac1 Rac8 14. Qb2 Qb8
15. e3 Rfd8 16. Ne5 dxc4 17. Bxb7 Qxb7 18. Nxd7 Rxd7 19. Nxc4 Ne4 20. Ne5 Rd5
21. h4 Rcd8 22. Qc2 Nxc3 23. Qxc3 Bf6 24. Ng4 Qe7 25. Qe1 cxd4 26. e4 Ra5 27.
e5 Bxh4 28. gxh4 h5 29. Nh2 Qxh4 30. Rd3 Rxa2 31. Rc4 Rd5 32. Nf3 Qg4+ 33. Kh1
Qh3+ 34. Kg1 Qg4+ 35. Kh2 Qf4+ 36. Kh1 g6 37. Qg1 Qe4 38. Rc8+ Kh7 39. Qc1 Qxd3
40. Ng5+ Kg7 41. Nxe6+ fxe6 42. Qc7+ Kh6 43. Rh8+ Kg5 44. Qe7+ Kg4 45. Qxe6+
Kh4 46. Kg2 Qe4+ 0-1

[Event "Krefeld- Porz 3"]
[Site "?"]
[Date "2023.02.12"]
[Round "5.6"]
[White "Fehmer, Carsten"]
[Black "Slowik, Martin"]
[Result "1/2-1/2"]
[WhiteElo "2140"]
[BlackElo "1962"]
[PlyCount "65"]
[SourceVersionDate "2023.06.22"]

1. Nf3 d5 2. g3 Nf6 3. Bg2 e6 4. O-O Be7 5. c4 d4 6. e3 c5 7. exd4 cxd4 8. d3
O-O 9. Na3 Nc6 10. Re1 Re8 11. Nc2 a5 12. Rb1 Bc5 13. a3 a4 14. b4 axb3 15.
Rxb3 e5 16. Rb5 Qd6 17. Nd2 Bg4 18. Ne4 Nxe4 19. Qxg4 Nf6 20. Qd1 Ra7 21. Kh1
b6 22. f4 Rae7 23. fxe5 Rxe5 24. Bf4 Rxe1+ 25. Nxe1 Qe6 26. Rb1 Ng4 27. Kg1 Ne3
28. Qf3 Ne5 29. Qe4 N5g4 30. Qxe6 Rxe6 31. Bf3 Ne5 32. Bd5 Nxd5 33. cxd5
1/2-1/2

[Event "Krefeld- Porz 3"]
[Site "?"]
[Date "2023.02.12"]
[Round "5.7"]
[White "Paulus, Jeffrey"]
[Black "Guddat, Joachim"]
[Result "0-1"]
[WhiteElo "1972"]
[BlackElo "2125"]
[PlyCount "70"]
[SourceVersionDate "2023.06.22"]

1. Nf3 Nf6 2. g3 e6 3. Bg2 Be7 4. O-O O-O 5. d3 d5 6. Nbd2 Nbd7 7. e4 dxe4 8.
dxe4 c6 9. Re1 e5 10. b3 Re8 11. Bb2 Bc5 12. h3 Qc7 13. Qe2 b6 14. Nf1 a5 15.
g4 Ba6 16. c4 Nf8 17. Ng3 Ng6 18. Qc2 Nf4 19. Bf1 Rad8 20. Rad1 Rxd1 21. Rxd1
Ng6 22. Qd2 Bc8 23. g5 Nd7 24. h4 Ndf8 25. h5 Bg4 26. Bg2 Bb4 27. Qe3 Bxf3 28.
Bxf3 Nf4 29. Nf5 N8e6 30. Kh2 Nxg5 31. Rg1 h6 32. Nxg7 Rd8 33. Bg4 Bd2 34. Qg3
Kxg7 35. Rd1 f6 0-1

[Event "Krefeld- Porz 3"]
[Site "?"]
[Date "2023.02.12"]
[Round "5.8"]
[White "Markgraf, Jonas"]
[Black "Wegener, Marcus"]
[Result "1-0"]
[WhiteElo "2036"]
[BlackElo "2008"]
[PlyCount "69"]
[SourceVersionDate "2023.06.22"]

1. e4 c5 2. Nf3 Nc6 3. d4 cxd4 4. Nxd4 Nf6 5. Nc3 e5 6. Ndb5 d6 7. Bg5 a6 8.
Na3 b5 9. Bxf6 gxf6 10. Nd5 f5 11. exf5 Bxf5 12. c3 Bg7 13. Nc2 O-O 14. Nce3
Bd7 15. Bd3 f5 16. Qh5 e4 17. Bc2 Ne5 18. Nf4 Rf6 19. Qd1 Bh6 20. Ned5 Rf8 21.
Bb3 Kh8 22. Qd4 Bxf4 23. Nxf4 Qg5 24. g3 Rae8 25. O-O-O Rf6 26. Kb1 Bc6 27. h4
Qh6 28. Bd5 Nf3 29. Qb6 Bxd5 30. Rxd5 e3 31. fxe3 Qf8 32. Rhd1 Rd8 33. h5 Ne5
34. Qd4 Qe7 35. Rxe5 1-0

[Event "Werden- Letmathe"]
[Site "?"]
[Date "2023.02.12"]
[Round "5.1"]
[White "Haub, Thorsten Michael"]
[Black "Kaufeld, Juergen"]
[Result "1-0"]
[WhiteElo "2414"]
[BlackElo "2297"]
[PlyCount "69"]
[SourceVersionDate "2023.06.22"]

1. g3 d5 2. Bg2 g6 3. d3 Bg7 4. Nd2 e5 5. e4 Ne7 6. Ngf3 O-O 7. O-O c6 8. b4 a5
9. bxa5 Qxa5 10. Bb2 d4 11. a4 c5 12. Nc4 Qc7 13. c3 Nbc6 14. Qb3 dxc3 15. Bxc3
Nd4 16. Nxd4 exd4 17. Bd2 Be6 18. Rfb1 Nc6 19. f4 Na5 20. Bxa5 Rxa5 21. e5 Rb8
22. Qb6 Qxb6 23. Rxb6 Bxc4 24. dxc4 d3 25. Kf2 Rba8 26. Bd5 Rxa4 27. Rxa4 Rxa4
28. Rxb7 Ra2+ 29. Ke3 Rxh2 30. Kxd3 Rh3 31. Rxf7 Rxg3+ 32. Ke2 Rg2+ 33. Kf3 Rd2
34. Rc7+ Kf8 35. e6 1-0

[Event "Werden- Letmathe"]
[Site "?"]
[Date "2023.02.12"]
[Round "5.2"]
[White "Berger, Konstantin"]
[Black "Bosch, Jeroen"]
[Result "0-1"]
[WhiteElo "2067"]
[BlackElo "2417"]
[Annotator "daniel"]
[PlyCount "76"]
[SourceVersionDate "2023.06.22"]

1. e4 c5 2. Nf3 e6 3. g3 Nc6 4. Bg2 Nf6 5. Qe2 e5 6. O-O Be7 7. c3 O-O 8. a4
Re8 9. Na3 Bf8 10. d3 h6 11. Nc4 b6 12. Ne3 Bb7 13. Nh4 Na5 14. Qc2 d5 15. exd5
Nxd5 16. Nhf5 Rc8 17. Ng4 h5 18. Nge3 g6 19. Nxd5 Bxd5 20. Ne3 Be6 21. c4 Bg7
22. Bd2 Nc6 23. Bc3 $11 Re7 24. h4 Rd7 25. Rfd1 Nd4 26. Bxd4 cxd4 27. Nf1 f5
28. Nd2 e4 29. dxe4 d3 30. Qb3 f4 31. Rac1 Bd4 32. Nf3 fxg3 33. Nxd4 gxf2+ 34.
Kf1 Rxd4 35. Rd2 Qxh4 36. Rxd3 Rxd3 37. Qxd3 Qh2 38. Kxf2 Rf8+ 0-1

[Event "Werden- Letmathe"]
[Site "?"]
[Date "2023.02.12"]
[Round "5.3"]
[White "Soukup, Jiri"]
[Black "Kauch, Markus"]
[Result "1-0"]
[WhiteElo "2348"]
[BlackElo "2136"]
[Annotator "daniel"]
[PlyCount "73"]
[SourceVersionDate "2023.06.22"]

1. e4 c5 2. a3 g6 3. Nc3 Bg7 4. Bc4 Nc6 5. d3 e6 6. Bf4 d6 7. Qd2 a6 8. Nf3 Nf6
9. h4 h6 10. Ba2 b5 11. O-O Nd4 12. Nxd4 cxd4 13. Ne2 e5 14. Bg3 O-O 15. c3
dxc3 16. Nxc3 Be6 17. Rfc1 Bxa2 18. Nxa2 d5 19. Bxe5 dxe4 20. Nb4 Re8 21. d4
Ng4 22. Bxg7 e3 23. fxe3 Kxg7 24. Rc3 Qxh4 25. Re1 Rad8 26. Nc2 Re6 27. g3
Qxg3+ 28. Qg2 Qxg2+ 29. Kxg2 f5 30. Kf3 h5 31. Re2 Kh6 32. Nb4 Nf6 33. Rc5 Ne4
34. Rc7 Ng5+ 35. Kf2 Ne4+ 36. Kg2 Nf6 37. Nc6 {ZÜ} 1-0

[Event "Werden- Letmathe"]
[Site "?"]
[Date "2023.02.12"]
[Round "5.4"]
[White "Roth, Markus"]
[Black "Schleining, Zoya"]
[Result "1-0"]
[WhiteElo "2177"]
[BlackElo "2339"]
[PlyCount "95"]
[SourceVersionDate "2023.06.22"]

1. Nf3 d5 2. c4 d4 3. b4 Bg4 4. Qa4+ c6 5. d3 Bxf3 6. exf3 e5 7. Be2 Nf6 8. O-O
Nbd7 9. f4 a5 10. b5 Nc5 11. Qd1 e4 12. Ba3 Nxd3 13. Bxd3 Bxa3 14. Nxa3 exd3
15. Re1+ Kf8 16. bxc6 bxc6 17. Qxd3 g6 18. c5 Kg7 19. Nc4 Re8 20. Nd6 Rxe1+ 21.
Rxe1 Rb8 22. Qxd4 Qd7 23. g3 h5 24. Qe5 Qe6 25. Qxe6 fxe6 26. Rxe6 Rb1+ 27. Kg2
Rb2 28. f5 gxf5 29. Nxf5+ Kf7 30. Rxc6 Rxa2 31. Ra6 a4 32. c6 Nd5 33. Nd4 Ke7
34. Nb5 Ne3+ 35. Kf3 Ng4 36. Ke4 Rxf2 37. Ra7+ Ke6 38. c7 Rf8 39. Rxa4 Rc8 40.
Ra6+ Ke7 41. Rc6 Nf6+ 42. Rxf6 Kxf6 43. Nd6 Rxc7 44. Ne8+ Kg5 45. Nxc7 Kg4 46.
Nd5 h4 47. gxh4 Kxh4 48. Nf4 1-0

[Event "Werden- Letmathe"]
[Site "?"]
[Date "2023.02.12"]
[Round "5.5"]
[White "Gruermann, Martin"]
[Black "Ter Steeg, Marcus"]
[Result "1-0"]
[WhiteElo "2216"]
[BlackElo "2036"]
[Annotator "daniel"]
[PlyCount "115"]
[SourceVersionDate "2023.06.22"]

1. e4 e5 2. Nf3 Nf6 3. Nxe5 d6 4. Nf3 Nxe4 5. Nc3 Nxc3 6. dxc3 Be7 7. Bf4 O-O
8. Qd2 Nd7 9. O-O-O Nc5 10. Bc4 Be6 11. Bd5 Qd7 12. Be3 Bxd5 13. Qxd5 Qe6 14.
Bxc5 Qxd5 15. Rxd5 dxc5 16. Re1 Bd6 17. Kd1 Rfe8 18. Nd2 Rxe1+ 19. Kxe1 Re8+
20. Kf1 Kf8 21. Rd3 Re6 $11 22. g3 h5 23. h4 g6 24. a4 Ke8 25. Nc4 Re4 26. b3
Be7 27. Re3 Rxe3 28. Nxe3 Kd7 29. Ke2 Bf6 30. Kd3 Kc6 31. f4 b6 32. f5 Kd6 33.
Ke4 Bxc3 34. Ng2 Be5 35. Nf4 gxf5+ 36. Kxf5 a6 37. c4 c6 38. Nxh5 b5 39. g4 Bh8
40. Nf4 b4 41. g5 Ke7 42. h5 Kf8 43. Nd3 Bd4 44. Ne5 Bg1 45. Nxc6 Bh2 46. Ne5
a5 47. Nd7+ Ke7 48. Nxc5 Bg1 49. Ne4 Bd4 50. h6 Bh8 51. Nf6 Kd6 52. Ne4+ Ke7
53. h7 Bg7 54. Nf2 f6 55. g6 Bh8 56. Nd3 Kd6 57. Nf4 Kc5 58. Ne6+ 1-0

[Event "Werden- Letmathe"]
[Site "?"]
[Date "2023.02.12"]
[Round "5.6"]
[White "Huette, Stefan"]
[Black "Pfleger, Sascha"]
[Result "1-0"]
[WhiteElo "2041"]
[BlackElo "2037"]
[PlyCount "65"]
[SourceVersionDate "2023.06.22"]

1. d4 e6 2. e4 d5 3. exd5 exd5 4. Bd3 Nf6 5. c3 Be7 6. Ne2 O-O 7. O-O Nbd7 8.
Bg5 Re8 9. Nd2 Nf8 10. Nf3 Ng6 11. Ng3 Bg4 12. h3 Be6 13. Nf5 Bxf5 14. Bxf5 Ne4
15. Be3 Nd6 16. Bd3 Bf6 17. Re1 c6 18. Qc2 Qa5 19. Re2 Re7 20. h4 Nxh4 21. Nxh4
Bxh4 22. Bxh7+ Kf8 23. Bf4 Qd8 24. Rae1 Rxe2 25. Qxe2 Bf6 26. Qh5 g6 27. Qh6+
Bg7 28. Qh2 Ne8 29. Re3 Rc8 30. Rf3 Qe7 31. Qg3 Qe1+ 32. Kh2 Qb1 33. Bd6+ 1-0

[Event "Werden- Letmathe"]
[Site "?"]
[Date "2023.02.12"]
[Round "5.7"]
[White "Hunold, Rolf"]
[Black "Claussen, Uwe"]
[Result "1/2-1/2"]
[WhiteElo "2009"]
[BlackElo "2084"]
[PlyCount "45"]
[SourceVersionDate "2023.06.22"]

1. e4 e6 2. d4 d5 3. Nc3 Nf6 4. Bg5 Be7 5. e5 Ne4 6. Bxe7 Qxe7 7. Nxe4 dxe4 8.
Qd2 c5 9. c3 Nc6 10. Ne2 O-O 11. Qe3 cxd4 12. Nxd4 Nxe5 13. Qxe4 Nd7 14. Bc4
Nf6 15. Qe2 Qc7 16. O-O Bd7 17. Bb5 Bxb5 18. Nxb5 Qb6 19. c4 a6 20. Nc3 Rfd8
21. Rfd1 Rac8 22. b3 Qc7 23. Ne4 1/2-1/2

[Event "Werden- Letmathe"]
[Site "?"]
[Date "2023.02.12"]
[Round "5.8"]
[White "Mann, Gergely"]
[Black "Heeke, Guido"]
[Result "1-0"]
[WhiteElo "1946"]
[BlackElo "1874"]
[Annotator "daniel"]
[PlyCount "79"]
[SourceVersionDate "2023.06.22"]

1. d4 f5 2. Bg5 g6 3. Nc3 Bg7 4. e3 c6 5. h4 h6 6. Bf4 Nf6 7. Qf3 d6 8. Qg3 Kf7
9. Bc4+ d5 10. Bxb8 dxc4 11. Nf3 Ng4 12. Bc7 Qe8 13. Rd1 b5 $11 14. Ne2 Bf6 15.
Ne5+ Bxe5 16. dxe5 Bb7 17. e6+ Kg7 18. Nf4 Rf8 19. h5 g5 20. Ng6 Rf6 21. Nxe7
Rxe6 22. Nxf5+ Kh7 23. Qxg4 Re4 24. Qg3 Qe6 25. Nd4 Qf7 26. Qf3 Qxf3 27. gxf3
Re7 28. Bd6 Rf7 29. e4 Rd8 30. Bc5 Re8 31. Kf1 g4 32. Nf5 Re6 33. Nd6 Rd7 34.
fxg4 Rxe4 35. Nxe4 Rxd1+ 36. Kg2 Rd8 37. Re1 Bc8 38. f3 Kg7 39. Nd6 Kf6 40.
Bd4+ 1-0

[Event "Kamen- Katernberg 2"]
[Site "?"]
[Date "2023.02.12"]
[Round "5.1"]
[White "Gassmann, Volker"]
[Black "Luetke, Jens"]
[Result "1/2-1/2"]
[WhiteElo "2165"]
[BlackElo "2189"]
[Annotator "daniel"]
[PlyCount "96"]
[SourceVersionDate "2023.06.22"]

1. d4 Nf6 2. c4 e6 3. Nc3 Bb4 4. a3 Bxc3+ 5. bxc3 c5 6. f3 O-O 7. e4 d5 8. e5
Nh5 9. Nh3 Nc6 10. f4 g6 11. Be3 cxd4 12. cxd4 f6 13. Ra2 dxc4 14. Bxc4 b5 $11
15. Be2 Qd5 16. Rc2 Bb7 17. Bf3 Qb3 18. Qc1 Nxd4 19. Bxd4 Bxf3 20. gxf3 Qxf3
21. Nf2 Nxf4 22. Qd1 Qb7 23. Rg1 Rad8 24. Rd2 fxe5 25. Bc5 Rxd2 26. Qxd2 Rc8
27. Be3 Qf3 28. Bxf4 exf4 29. Rg5 Qxa3 30. Rxb5 Qa1+ 31. Ke2 Qa6 32. Qd3 Qa2+
33. Kf3 Qa4 34. Qd7 Qc4 35. Rb7 Qc3+ 36. Nd3 Qc6+ 37. Qxc6 Rxc6 38. Nxf4 a5 39.
Ra7 a4 40. Ke4 g5 41. Nh5 Rc2 42. Nf6+ Kf8 43. Nxh7+ Ke8 44. h3 Rc3 45. Nxg5 a3
46. Ke5 Kd8 47. Nxe6+ Kc8 48. h4 Rh3 1/2-1/2